3D reklama a net
Čo je tzv. 3D reklama a jej úloha. Pohľad na 3D reklamu z troch základných rovín. 3D reklama na internete.
Salvato in:
| Autore principale: | |
|---|---|
| Natura: | Capitolo di libro |
| Lingua: | ceco |
| Soggetti: | |
| Tags: |
Nessun Tag, puoi essere il primo ad aggiungerne!!
|
MARC
| LEADER | 00000naa$a2200000$$$4500 | ||
|---|---|---|---|
| 001 | 0006262 | ||
| 005 | 20231018123902.7 | ||
| 041 | 0 | |a cze | |
| 044 | |a CZ | ||
| 245 | 1 | 0 | |a 3D reklama a net |c aut. Zdeněk Brodský |
| 520 | |a Čo je tzv. 3D reklama a jej úloha. Pohľad na 3D reklamu z troch základných rovín. 3D reklama na internete. | ||
| 610 | 2 | 0 | |a reklama |
| 610 | 2 | 0 | |a propagácia |
| 610 | 2 | 0 | |a priemysel propagačný |
| 610 | 2 | 0 | |a komunikácia marketingová |
| 610 | 2 | 0 | |a internet |
| 100 | 1 | |a Brodský, Zdeněk | |